000 01307nam a2200301 i 4500
001 121874
003 ES-MaACL
005 20250914145933.0
007 t|
008 070214s1925 sp r ||||1| spa d
040 _cES-MaACL
245 0 0 _aDerecho usual /
_cAdolfo Posada, F[elipe] Clemente de Diego, A. Sela, C.[Constancio] Bernaldo de Quirós, P. Sangro
260 _aMadrid :
_bLa Lectura,
_c1925
300 _a567 p. ;
_c20 cm.
490 _aCiencia y educación (La Lectura)
505 _aNociones generales de derecho . Derecho político y administrativo . Política social y legislación del trabajo . Derecho civil . Derecho mercantil . Derecho penal . Derecho internacional . Derecho procesal español
650 7 _aDerecho
_2embne
_911602
700 1 _aPosada, Adolfo,
_d1860-1944
_eaut
_993316
700 1 _aDiego y Gutiérrez, Felipe Clemente de,
_d1866-1945
_eaut
_9234641
700 1 _aSela, Aniceto (
_d1863-1935)
_9105285
_eaut
700 1 _aBernaldo de Quirós, Constancio,
_d1873-1959
_928215
_eaut
700 1 _aSangro y Ros de Olano, Pedro,
_9103144
_cMarqués de Guad-el-Jelú
_eaut
830 0 _aCiencia y educación (La Lectura)
_9181469
852 _aES-MaACL
_jB-6434
942 _cMONOGRAFIA
_n0
999 _c121874
_d121874